le quiz ultime des refs francaises - Statistiques

Statistiques générales
  • Ce quiz a été pris 566 fois
  • Le résultat moyen est 15 sur 43
Statistiques - réponses
Par images Réponse % Correct
rendez les bijoux de la couronne
75%
le football il a changé
66%
oh putain laurent
65%
y'a pas de panneau
64%
ca fait beaucoup la non
61%
hasard de dingue
57%
marge
55%
macron explosion
54%
comment ca mon reuf
52%
j'ai des connaissances en chimie
51%
sur le trottoir les fashion
51%
j'aime mael
48%
mercredi addams
47%
t'as les crampté
45%
t'es gay
45%
hassoul
43%
que tu reviennes
41%
s'il vous plait
41%
je suis un nerveux
40%
mon sac est fait
38%
cb 12
37%
attention grenade
35%
dans 20 ou 30 ans
35%
la mariée en bleu
33%
les chaises
33%
marina passe
32%
inaf monsieur inaf
31%
pas le temps de niaiser
28%
au dodo annick
25%
ah le gateau il était sec
24%
la pute
24%
trop relou
24%
dent de requin de madagascar
20%
partie par partie
16%
mais c'est quoi une cuisse
15%
au nom du ciel eternel
14%
c'est quoi ce bruit de con
14%
débat parallele
9%
y'a pas de fatigue qui soit
9%
camera
7%
mimi cracra
5%
on va se faire défoncer
3%
hibiscus plein
1%
Aucun quiz correspondant
Distribution des résultats
% des personnes avec chaque résultat
Percentile par nombre de réponses
Votre historique - résultats
Vous n’avez pas pris ce quiz